000 00294nam a22001337a 4500
008 170920b xxu||||| |||| 00| 0 eng d
020 _a0517516128
041 _aeng
080 _a7
100 _a45
101 _aART
245 _aNORTH AMERICAN INDIAN ARTS
_cSTRIBLING,M.L
942 _2udc
_cBK
999 _c28461
_d28461